[Event "West Attica-ch U16"]
[Site "Athens"]
[Date "2009.09.09"]
[Round "3"]
[White "Chachamis, Lampros"]
[Black "Peramatzi, Maria"]
[Result "0-1"]
[WhiteElo "1000"]
[BlackElo "1015"]
[PlyCount "30"]
[EventDate "2009.09.08"]
[EventType "swiss"]
[EventRounds "7"]
[EventCountry "GRE"]
[SourceTitle "EXT 2011"]
[Source "ChessBase"]
[SourceDate "2010.11.26"]
[SourceVersion "1"]
[SourceVersionDate "2010.11.26"]
[SourceQuality "1"]

1. e4 e5 2. Nf3 Nc6 3. Bc4 Bc5 4. d3 h6 5. 0-0 Nf6 6. h3 0-0 7. Nc3 Re8 8. Be3 Nd4 9. Nh4 d6 10. Qd2 Nh5 11. g3 Bxh3 12. Bxh6 Bxf1 13. Kxf1 Qf6 14. Qg5 Nxc2 15. Bxg7 Qxf2# 0-1

[Event "West Attica-ch U16"]
[Site "Athens"]
[Date "2009.09.09"]
[Round "4"]
[White "Roussi, Ioanna"]
[Black "Chachamis, Lampros"]
[Result "1-0"]
[WhiteElo "1010"]
[BlackElo "1000"]
[PlyCount "71"]
[EventDate "2009.09.08"]
[EventType "swiss"]
[EventRounds "7"]
[EventCountry "GRE"]
[SourceTitle "EXT 2011"]
[Source "ChessBase"]
[SourceDate "2010.11.26"]
[SourceVersion "1"]
[SourceVersionDate "2010.11.26"]
[SourceQuality "1"]

1. e4 e5 2. Nf3 Nc6 3. Bb5 Nf6 4. Nc3 Bc5 5. 0-0 a6 6. Bc4 d6 7. Qe2 0-0 8. Bb3 Be6 9. Bxe6 fxe6 10. Qc4 d5 11. exd5 exd5 12. Qxc5 d4 13. d3 h6 14. Ne4 Qd5 15. Nxf6+ Rxf6 16. Qxd5+ Kh8 17. Qd7 Nb4 18. Qxc7 Re8 19. Nxe5 Rfe6 20. Re1 R8e7 21. Qd8+ Kh7 22. Qxd4 Nxc2 23. Qe4+ Kg8 24. Bf4 Nxa1 25. Rc1 Re8 26. h3 a5 27. Rxa1 b5 28. Rc1 a4 29. Rc7 b4 30. Qb7 R6e7 31. Rxe7 Rxe7 32. Qxe7 b3 33. Qe8+ Kh7 34. Qg6+ Kg8 35. Bxh6 bxa2 36. Qxg7# 1-0